[Event "DEN-ch KK 2020"]
[Site "Svendborg"]
[Date "2020.10.12"]
[Round "1.10"]
[White "Holm, Filip"]
[Black "Rey Malde, Henrique"]
[Result "0-1"]
[WhiteElo "2010"]
[BlackElo "2201"]
[Annotator "ChessBase"]
[PlyCount "42"]
[EventDate "2020.10.09"]
[EventType "tourn"]
[EventCountry "DEN"]
[SourceTitle "playchess.com"]
[Source "ChessBase"]
[SourceQuality "1"]
[TimeControl "40/5400+30:1800+30"]

1. e4 {[%emt 0:00:00]} c5 {[%emt 0:00:00]} 2. c3 {[%emt 0:00:00]} Nf6 {[%emt 0:00:01]} 3. e5 {[%emt 0:00:14]} Nd5 {[%emt 0:00:14]} 4. d4 {[%emt 0:00:37]} cxd4 {[%emt 0:00:19]} 5. cxd4 {[%emt 0:00:07]} d6 {[%emt 0:00:17]} 6. g3 {[%emt 0:01:59]} Nc6 {[%emt 0:08:44]} 7. Bg2 {[%emt 0:11:14]} dxe5 {[%emt 0:02:12]} 8. dxe5 {[%emt 0:15:39]} Ndb4 {[%emt 0:11:19]} 9. Qxd8+ {[%emt 0:08:23]} Kxd8 {[%emt 0:02:21]} 10. Bxc6 {[%emt 0:01:11]} bxc6 {[%emt 0:02:09]} 11. Kd2 {[%emt 0:02:04]} Bf5 {[%emt 0:02:05]} 12. Na3 {[%emt 0:01:32]} Kc7 {[%emt 0:05:46]} 13. Ke2 {[%emt 0:04:21]} e6 {[%emt 0:05:04]} 14. Be3 {[%emt 0:02:12]} Be7 {[%emt 0:02:09]} 15. Nf3 {[%emt 0:02:15]} Bd3+ {[%emt 0:01:37]} 16. Ke1 {[%emt 0:01:14]} Ba6 {[%emt 0:01:55]} 17. Nd4 {[%emt 0:05:42]} Rhd8 {[%emt 0:02:23]} 18. Rc1 {[%emt 0:07:26]} Nd3+ {[%emt 0:03:14]} 19. Kd2 {[%emt 0:00:56]} Bb4+ {[%emt 0:01:36]} 20. Kc2 {[%emt 0:01:31]} Nxc1 {[%emt 0:01:41]} 21. Rxc1 {[%emt 0:00:05]} Rab8 {[%emt 0:05:20]} 0-1

[Event "DEN-ch KK 2020"]
[Site "Svendborg"]
[Date "2020.10.12"]
[Round "1.11"]
[White "Nilssen, Ellen Fredericia"]
[Black "Meskenas, Paulius"]
[Result "1-0"]
[WhiteElo "2209"]
[BlackElo "2032"]
[Annotator "NA"]
[PlyCount "51"]
[EventDate "2020.10.09"]
[EventType "tourn"]
[EventCountry "DEN"]
[SourceTitle "playchess.com"]
[Source "ChessBase"]
[SourceQuality "1"]
[TimeControl "40/5400+30:1800+30"]

1. d4 {[%emt 0:00:00]} Nf6 {[%emt 0:00:00]} 2. c4 {[%emt 0:00:00]} g6 {[%emt 0:00:00]} 3. g3 {[%emt 0:00:00]} d5 {[%emt 0:00:00]} 4. Bg2 {[%emt 0:00:28]} c6 {[%emt 0:00:00]} 5. Nf3 {[%emt 0:00:10]} Bg7 {[%emt 0:00:11]} 6. O-O {[%emt 0:01:25]} O-O {[%emt 0:00:09]} 7. Qb3 {[%emt 0:00:08]} Nbd7 {[%emt 0:06:16]} 8. cxd5 {[%emt 0:08:53]} cxd5 {[%emt 0:01:21]} 9. Nc3 {[%emt 0:00:10]} Nb6 {[%emt 0:00:32]} 10. Ne5 {[%emt 0:01:22]} Bf5 {[%emt 0:00:58]} 11. a4 {[%emt 0:06:32]} a5 {[%emt 0:24:43]} 12. Bf4 {[%emt 0:09:36]} Rc8 {[%emt 0:04:29]} 13. Rfc1 {[%emt 0:05:29]} Ne4 {[%emt 0:08:02]} 14. Nxe4 {[%emt 0:14:36]} Rxc1+ {[%emt 0:00:13]} 15. Rxc1 {[%emt 0:00:06]} dxe4 {[%emt 0:00:39]} 16. Rd1 {[%emt 0:20:25]} Be6 {[%emt 0:02:32]} 17. d5 {[%emt 0:01:58]} Nxd5 {[%emt 0:14:30]} 18. Qxb7 {[%emt 0:04:04]} Qc8 {[%emt 0:00:25]} 19. Qxc8 {[%emt 0:01:33]} Rxc8 {[%emt 0:00:02]} 20. Bxe4 {[%emt 0:01:55]} Nb6 {[%emt 0:00:53]} 21. Bb7 {[%emt 0:04:12]} Rb8 {[%emt 0:02:06]} 22. Nxg6 {[%emt 0:01:09]} Re8 {[%emt 0:03:02]} 23. Bc6 {[%emt 0:02:09]} Bd7 {[%emt 0:03:16]} 24. Bxd7 {[%emt 0:01:42]} Nxd7 {[%emt 0:00:04]} 25. Rxd7 {[%emt 0:01:04]} hxg6 {[%emt 0:00:09]} 26. Rb7 {[%emt 0:01:31]} 1-0

[Event "DEN-ch KK 2020"]
[Site "Svendborg"]
[Date "2020.10.12"]
[Round "1.12"]
[White "Hald Falkesgaard, Jeppe"]
[Black "Haubro, Sigfred"]
[Result "0-1"]
[WhiteElo "1984"]
[BlackElo "2163"]
[Annotator "NA"]
[PlyCount "71"]
[EventDate "2020.10.09"]
[EventType "tourn"]
[EventCountry "DEN"]
[SourceTitle "playchess.com"]
[Source "ChessBase"]
[SourceQuality "1"]
[TimeControl "40/5400+30:1800+30"]

1. d4 {[%emt 0:00:00]} d5 {[%emt 0:00:00]} 2. c4 {[%emt 0:00:00]} e6 {[%emt 0:00:00]} 3. Nc3 {[%emt 0:00:00]} f5 {[%emt 0:00:15]} 4. e3 {[%emt 0:01:38]} Nf6 {[%emt 0:00:11]} 5. Bd3 {[%emt 0:00:35]} c6 {[%emt 0:00:31]} 6. Nge2 {[%emt 0:00:29]} Be7 {[%emt 0:02:01]} 7. O-O {[%emt 0:00:49]} O-O {[%emt 0:00:09]} 8. Qc2 {[%emt 0:04:51]} Bd7 {[%emt 0:03:28]} 9. f3 {[%emt 0:04:14]} Kh8 {[%emt 0:15:15]} 10. e4 {[%emt 0:23:35]} Na6 {[%emt 0:03:19]} 11. a3 {[%emt 0:01:05]} dxc4 {[%emt 0:00:39]} 12. Bxc4 {[%emt 0:00:23]} Nc7 {[%emt 0:00:12]} 13. Bf4 {[%emt 0:06:45]} Rc8 {[%emt 0:05:46]} 14. h3 {[%emt 0:03:38]} b5 {[%emt 0:11:10]} 15. Bd3 {[%emt 0:03:02]} c5 {[%emt 0:06:17]} 16. Qd2 {[%emt 0:09:10]} cxd4 {[%emt 0:04:10]} 17. Nxd4 {[%emt 0:01:22]} Bc5 {[%emt 0:00:35]} 18. Be3 {[%emt 0:01:02]} f4 {[%emt 0:02:01]} 19. Bf2 {[%emt 0:00:33]} e5 {[%emt 0:02:32]} 20. Nb3 {[%emt 0:01:08]} Bxf2+ {[%emt 0:01:29]} 21. Qxf2 {[%emt 0:01:47]} a6 {[%emt 0:06:55]} 22. Rfd1 {[%emt 0:04:22]} Ne6 {[%emt 0:02:04]} 23. a4 {[%emt 0:06:03]} Qe8 {[%emt 0:06:32]} 24. axb5 {[%emt 0:01:43]} axb5 {[%emt 0:00:08]} 25. Qb6 {[%emt 0:02:52]} Qg6 {[%emt 0:08:37]} 26. Bxb5 {[%emt 0:07:28]} Bxb5 {[%emt 0:04:30]} 27. Qxb5 {[%emt 0:00:40]} Ng5 {[%emt 0:00:35]} 28. Kh1 {[%emt 0:00:44]} Rb8 {[%emt 0:03:09]} 29. Qc4 {[%emt 0:04:06]} Nxh3 {[%emt 0:02:49]} 30. gxh3 {[%emt 0:02:15]} Qg3 {[%emt 0:00:25]} 31. Nd2 {[%emt 0:03:18]} Qxh3+ {[%emt 0:01:08]} 32. Kg1 {[%emt 0:00:11]} Qg3+ {[%emt 0:00:55]} 33. Kf1 {[%emt 0:00:15]} Ng4 34. fxg4 {[%emt 0:06:25]} f3 {[%emt 0:03:07]} 35. Rdc1 {[%emt 0:00:31]} Rxb2 {[%emt 0:02:23]} 36. Re1 {[%emt 0:00:00]} 0-1

[Event "DEN-ch KK 2020"]
[Site "Svendborg"]
[Date "2020.10.13"]
[Round "2.1"]
[White "Haubro, Sigfred"]
[Black "Jaksland, Tim"]
[Result "1/2-1/2"]
[WhiteElo "2163"]
[BlackElo "2247"]
[Annotator "TA"]
[PlyCount "28"]
[EventDate "2020.10.09"]
[EventType "tourn"]
[EventCountry "DEN"]
[SourceTitle "playchess.com"]
[Source "ChessBase"]
[SourceQuality "1"]

{[%evp 9,28,1,10,0,0,0,22,20,24,22,18,0,1,-20,54,6,12,-53,-58,-59,-9]} 1. Nf3 d5 2. d4 Nf6 3. e3 c5 4. Be2 e6 5. O-O Nbd7 6. Nbd2 {D05: Colle System with ...e6.} Bd6 7. b3 cxd4 8. exd4 {The position is equal.} O-O {[#]} 9. Bb2 $146 ({Predecessor:} 9. c4 b6 10. cxd5 Nxd5 11. Ne4 Be7 12. Bd3 Bb7 13. Bb2 Rc8 14. a3 Rc7 15. Qd2 {0-1 (49) Goertz,H (1895)-Burreh,H (1783) Ellwangen 2003}) 9... Ne4 10. Bd3 f5 11. Ne5 Qf6 ({Better is} 11... Nxe5 $11 12. dxe5 Bc5) 12. f4 Qh6 13. Bxe4 (13. Ndf3 $1 $11) 13... fxe4 $15 14. g3 Qf6 1/2-1/2

[Event "DEN-ch KK 2020"]
[Site "Svendborg"]
[Date "2020.10.13"]
[Round "2.2"]
[White "Rewitz, Poul"]
[Black "Nilssen, Ellen Fredericia"]
[Result "1-0"]
[WhiteElo "2222"]
[BlackElo "2209"]
[Annotator "ChessBase"]
[PlyCount "117"]
[EventDate "2020.10.09"]
[EventType "tourn"]
[EventCountry "DEN"]
[SourceTitle "playchess.com"]
[Source "ChessBase"]
[SourceQuality "1"]
[TimeControl "40/5400+30:1800+30"]

1. c4 {[%emt 0:00:00]} c5 {[%emt 0:00:00]} 2. Nc3 {[%emt 0:00:37]} Nc6 {[%emt 0:00:00]} 3. Nf3 {[%emt 0:00:43]} g6 {[%emt 0:00:00]} 4. d4 cxd4 {[%emt 0:00:04]} 5. Nxd4 {[%emt 0:01:49]} Bg7 {[%emt 0:00:08]} 6. Nc2 {[%emt 0:02:08]} Bxc3+ {[%emt 0:00:06]} 7. bxc3 {[%emt 0:00:06]} Qa5 {[%emt 0:00:04]} 8. Bd2 {[%emt 0:06:20]} Nf6 {[%emt 0:00:06]} 9. f3 {[%emt 0:03:08]} d6 {[%emt 0:00:12]} 10. e4 {[%emt 0:01:31]} O-O {[%emt 0:05:53]} 11. Be2 {[%emt 0:00:44]} Be6 {[%emt 0:13:52]} 12. Nd4 {[%emt 0:04:19]} Rac8 {[%emt 0:06:56]} 13. Rb1 {[%emt 0:16:22]} Nxd4 {[%emt 0:12:07]} 14. cxd4 {[%emt 0:00:27]} Qxa2 {[%emt 0:00:03]} 15. c5 {[%emt 0:12:58]} dxc5 {[%emt 0:06:41]} 16. d5 {[%emt 0:00:54]} Bd7 {[%emt 0:00:32]} 17. Qc1 {[%emt 0:05:34]} c4 {[%emt 0:06:03]} 18. Bc3 {[%emt 0:03:55]} Qa6 {[%emt 0:03:17]} 19. O-O {[%emt 0:03:31]} b5 {[%emt 0:03:35]} 20. Rd1 {[%emt 0:00:27]} Ne8 {[%emt 0:06:58]} 21. Qh6 {[%emt 0:05:03]} Qb6+ {[%emt 0:04:07]} 22. Kf1 {[%emt 0:02:41]} a5 {[%emt 0:03:28]} 23. d6 {[%emt 0:04:46]} e6 {[%emt 0:00:31]} 24. g4 {[%emt 0:05:25]} b4 {[%emt 0:02:33]} 25. h4 {[%emt 0:02:40]} Qc6 {[%emt 0:02:40]} 26. Bh8 {[%emt 0:02:01]} c3 {[%emt 0:02:55]} 27. Rbc1 {[%emt 0:01:16]} a4 {[%emt 0:02:41]} 28. Kg2 {[%emt 0:00:56]} c2 {[%emt 0:04:25]} 29. Rd3 {[%emt 0:02:55]} b3 {[%emt 0:01:03]} 30. h5 {[%emt 0:00:18]} Qb6 {[%emt 0:03:52]} 31. Bb2 {[%emt 0:03:24]} a3 {[%emt 0:06:01]} 32. Rh1 {[%emt 0:01:10]} c1=Q {[%emt 0:00:05]} 33. Bxc1 {[%emt 0:01:22]} Rxc1 {[%emt 0:00:03]} 34. Qxc1 {[%emt 0:02:28]} b2 {[%emt 0:00:06]} 35. Qb1 {[%emt 0:01:35]} e5 {[%emt 0:03:28]} 36. Rxa3 {[%emt 0:00:25]} Nxd6 {[%emt 0:00:12]} 37. Ra6 {[%emt 0:01:14]} Qb4 {[%emt 0:00:52]} 38. Rd1 {[%emt 0:00:47]} Bb5 {[%emt 0:01:35]} 39. Rb6 {[%emt 0:00:58]} Ra8 {[%emt 0:01:33]} 40. Rdxd6 {[%emt 0:01:04]} Ra1 {[%emt 0:00:22]} 41. h6 {[%emt 0:09:15]} Kf8 {[%emt 0:00:39]} 42. Rxb5 {[%emt 0:11:07]} Qxb5 {[%emt 0:03:05]} 43. Bxb5 {[%emt 0:00:24]} Rxb1 {[%emt 0:00:06]} 44. Bd3 {[%emt 0:02:28]} Rd1 {[%emt 0:00:29]} 45. Rb6 {[%emt 0:00:25]} Rxd3 {[%emt 0:03:37]} 46. Rxb2 {[%emt 0:00:07]} Ke7 {[%emt 0:01:46]} 47. g5 {[%emt 0:01:12]} f6 {[%emt 0:03:59]} 48. Rb7+ {[%emt 0:01:17]} Rd7 {[%emt 0:00:07]} 49. gxf6+ {[%emt 0:00:27]} Ke6 {[%emt 0:01:37]} 50. Rb6+ {[%emt 0:00:59]} Kf7 {[%emt 0:00:32]} 51. Kg3 {[%emt 0:01:16]} Rd1 {[%emt 0:03:42]} 52. f4 {[%emt 0:01:34]} Rd3+ {[%emt 0:02:02]} 53. Kf2 {[%emt 0:01:22]} exf4 {[%emt 0:00:07]} 54. e5 {[%emt 0:00:14]} Rd8 {[%emt 0:10:36]} 55. Rb7+ {[%emt 0:01:11]} Ke6 {[%emt 0:03:26]} 56. Re7+ {[%emt 0:00:26]} Kf5 {[%emt 0:00:23]} 57. f7 {[%emt 0:00:26]} Rf8 {[%emt 0:00:03]} 58. e6 {[%emt 0:00:38]} Ke5 {[%emt 0:00:56]} 59. Re8 {[%emt 0:00:21]} 1-0

[Event "DEN-ch KK 2020"]
[Site "Svendborg"]
[Date "2020.10.13"]
[Round "2.3"]
[White "Rey Malde, Henrique"]
[Black "Easwaralingam, Adesh"]
[Result "1-0"]
[WhiteElo "2201"]
[BlackElo "2110"]
[Annotator "ChessBase"]
[PlyCount "105"]
[EventDate "2020.10.09"]
[EventType "tourn"]
[EventCountry "DEN"]
[SourceTitle "playchess.com"]
[Source "ChessBase"]
[SourceQuality "1"]
[TimeControl "40/5400+30:1800+30"]

1. e4 {[%emt 0:00:00]} c5 {[%emt 0:00:00]} 2. Nf3 {[%emt 0:00:00]} e6 {[%emt 0:00:00]} 3. d4 {[%emt 0:00:00]} cxd4 {[%emt 0:00:00]} 4. Nxd4 {[%emt 0:00:03]} Nc6 {[%emt 0:00:01]} 5. Nc3 {[%emt 0:00:22]} Qc7 {[%emt 0:00:08]} 6. Be3 {[%emt 0:00:19]} a6 {[%emt 0:00:08]} 7. Qd2 {[%emt 0:00:20]} Nf6 {[%emt 0:00:20]} 8. O-O-O {[%emt 0:00:14]} Be7 {[%emt 0:00:27]} 9. f4 {[%emt 0:00:19]} b5 {[%emt 0:01:17]} 10. e5 {[%emt 0:00:45]} b4 {[%emt 0:00:14]} 11. Ncb5 {[%emt 0:00:58]} axb5 {[%emt 0:03:01]} 12. Nxb5 {[%emt 0:00:21]} Qb8 {[%emt 0:03:38]} 13. exf6 {[%emt 0:00:12]} gxf6 {[%emt 0:04:13]} 14. Kb1 {[%emt 0:01:16]} Ra5 {[%emt 0:05:54]} 15. Nd6+ {[%emt 0:03:16]} Bxd6 {[%emt 0:01:51]} 16. Qxd6 {[%emt 0:00:07]} Qxd6 {[%emt 0:02:11]} 17. Rxd6 {[%emt 0:00:08]} Ke7 {[%emt 0:01:09]} 18. Rd2 {[%emt 0:01:55]} d5 {[%emt 0:16:08]} 19. Bb6 {[%emt 0:05:51]} Ra8 {[%emt 0:00:08]} 20. Bc5+ {[%emt 0:05:22]} Kd7 {[%emt 0:00:50]} 21. Bb5 {[%emt 0:00:18]} Rb8 {[%emt 0:01:08]} 22. Bxc6+ {[%emt 0:07:47]} Kxc6 {[%emt 0:00:06]} 23. Bd4 {[%emt 0:00:04]} Bd7 {[%emt 0:02:21]} 24. Bxf6 {[%emt 0:00:44]} Rhg8 {[%emt 0:01:41]} 25. b3 {[%emt 0:04:13]} Rb5 {[%emt 0:03:07]} 26. Re1 {[%emt 0:05:15]} Rg6 {[%emt 0:03:12]} 27. Be7 {[%emt 0:02:31]} Rg4 {[%emt 0:02:22]} 28. Bg5 {[%emt 0:08:28]} Rb8 {[%emt 0:01:06]} 29. g3 {[%emt 0:05:14]} Rg8 {[%emt 0:02:01]} 30. Be7 {[%emt 0:00:28]} h5 {[%emt 0:09:39]} 31. Re5 {[%emt 0:07:19]} h4 {[%emt 0:03:26]} 32. Bxh4 {[%emt 0:02:05]} Rxh4 {[%emt 0:03:25]} 33. gxh4 {[%emt 0:00:09]} Rh8 {[%emt 0:01:42]} 34. Rg5 {[%emt 0:05:06]} Rxh4 {[%emt 0:00:39]} 35. Rf2 {[%emt 0:00:07]} Be8 {[%emt 0:03:52]} 36. Rg8 {[%emt 0:01:12]} Kd7 {[%emt 0:00:21]} 37. Kb2 {[%emt 0:00:55]} Ke7 {[%emt 0:00:54]} 38. a4 {[%emt 0:02:05]} bxa3+ {[%emt 0:01:00]} 39. Kxa3 {[%emt 0:00:09]} f6 {[%emt 0:04:38]} 40. Rg7+ {[%emt 0:01:37]} Bf7 {[%emt 0:00:25]} 41. b4 {[%emt 0:31:40]} Kf8 {[%emt 0:31:42]} 42. Rg3 {[%emt 0:00:35]} Be8 {[%emt 0:00:40]} 43. Rc3 {[%emt 0:07:06]} Ke7 {[%emt 0:05:58]} 44. Rc8 {[%emt 0:02:21]} Rh3+ {[%emt 0:01:41]} 45. Kb2 {[%emt 0:00:29]} Rh4 {[%emt 0:00:00]} 46. Rb8 {[%emt 0:00:00]} Rg4 {[%emt 0:00:00]} 47. Rf3 {[%emt 0:00:00]} e5 {[%emt 0:00:00]} 48. fxe5 {[%emt 0:00:00]} fxe5 {[%emt 0:00:00]} 49. Ra3 {[%emt 0:00:00]} Bd7 {[%emt 0:00:00]} 50. Ra7 {[%emt 0:00:00]} Rg6 {[%emt 0:00:07]} 51. Rbb7 {[%emt 0:00:00]} Rd6 {[%emt 0:00:13]} 52. Kc3 {[%emt 0:00:00]} Ke6 {[%emt 0:00:27]} 53. Rxd7 {[%emt 0:00:00]} 1-0

[Event "DEN-ch KK 2020"]
[Site "Svendborg"]
[Date "2020.10.13"]
[Round "2.4"]
[White "Kakulidis, Ellen"]
[Black "Carstensen, Jacob"]
[Result "0-1"]
[WhiteElo "2073"]
[BlackElo "2350"]
[Annotator "TA"]
[PlyCount "110"]
[EventDate "2020.10.09"]
[EventType "tourn"]
[EventCountry "DEN"]
[SourceTitle "playchess.com"]
[Source "ChessBase"]
[SourceQuality "1"]

{[%evp 9,110,25,35,35,35,35,31,29,38,31,38,0,54,49,45,36,46,42,56,15,54,43,65,56,61,31,49,0,25,19,30,17,52,0,0,0,13,13,22,0,53,29,47,43,38,0,0,0,0,0,0,0,0,-10,7,-146,-146,-164,-154,-137,-162,-205,-226,-294,-295,-288,-277,-262,-150,-311,-295,-308,-270,-374,-350,-493,-491,-648,-510,-2469,-699,-699,-753,-700,-671,-690,-672,-1177,-718,-1440,-1073,-1305,-1290,-1133,-1201,-884,-572,-547,-547,-547,-539,-29982,-29983]} 1. d4 Nf6 2. g3 c5 3. d5 e6 4. Nc3 exd5 5. Nxd5 Nxd5 6. Qxd5 {A45: Trompowsky Attack.} Nc6 7. c3 d6 8. Nh3 {White is slightly better.} Be7 9. Nf4 O-O {[#]} 10. Bg2 $146 ({Predecessor:} 10. Qd1 b5 11. Bg2 Bb7 12. Nd5 Re8 13. O-O Bf8 14. Bf4 Qd7 15. Qd2 Rad8 16. a4 bxa4 17. Rxa4 {0-1 (32) Delorme,A (2480)-Dardha,D (2449) Europe Echecs INT 2020}) 10... Ne5 (10... g5 $11 11. Nh3 h6) 11. O-O $14 Rb8 12. Qd1 Re8 13. Nd5 Bf8 14. f4 Nc6 15. f5 f6 16. e4 Ne5 17. Rf4 Bd7 18. Qh5 g6 (18... Bc6 {feels hotter.} 19. Rh4 h6 20. Qd1 b5 21. Be3 a5) 19. Qd1 g5 20. Rf2 Bc6 21. h4 (21. a4 $14) 21... gxh4 $11 22. gxh4 Bxd5 23. Qxd5+ Kh8 24. Bf4 Qc7 (24... Be7 $11) 25. Kh1 Ng4 26. Rd2 {And now Bf3 would win.} Rbd8 27. Bh3 Bh6 28. Bxh6 Nxh6 29. Rg1 Qf7 30. Qxf7 $1 Nxf7 31. Bg2 Rg8 32. e5 $2 (32. Bf3 $11) 32... dxe5 $17 33. Rxd8 Rxd8 34. Bxb7 {[%mdl 4096] Endgame KRB-KRN} Nd6 35. Bd5 Nxf5 36. c4 Nxh4 37. Rg3 Ng6 38. Ra3 {[#]} Ne7 (38... Rd7 $1 $19 39. Kg1 Nf4) 39. Bg2 $2 {This move loses the game for White.} (39. Rxa7 $17 {is a better defense.} Nxd5 40. cxd5) 39... Rd7 $19 40. Ra6 Kg7 41. Bh3 f5 42. Re6 (42. a3 {might work better.}) 42... e4 43. Re5 Rd1+ 44. Kh2 (44. Kg2 $142 Ng6 45. Rxc5 Rd2+ 46. Kf1) 44... Rd2+ (44... Kf6 $142 45. Rxe7 {[%mdl 64] Remove Defender} Kxe7) 45. Kg3 Kf6 46. Rxc5 Rxb2 47. Ra5 Kg5 48. Bf1 Nc6 49. Ra6 f4+ 50. Kh3 Rb6 51. Ra3 a5 52. Bg2 f3 53. Bxf3 exf3 54. Rxf3 {[#]} Ne5 $1 55. Rg3+ Kf4 {Av CentiPawn Loss W=-83/B=-50. Weighted=-57/-57} 0-1

[Event "DEN-ch KK 2020"]
[Site "Svendborg"]
[Date "2020.10.13"]
[Round "2.5"]
[White "Matthiesen, Martin"]
[Black "Kolbak, Jens"]
[Result "1/2-1/2"]
[WhiteElo "2301"]
[BlackElo "2114"]
[Annotator "ChessBase"]
[PlyCount "139"]
[EventDate "2020.10.09"]
[EventType "tourn"]
[EventCountry "DEN"]
[SourceTitle "playchess.com"]
[Source "ChessBase"]
[SourceQuality "1"]
[TimeControl "40/5400+30:1800+30"]

1. d4 {[%emt 0:00:00]} Nf6 {[%emt 0:00:00]} 2. c4 {[%emt 0:00:00]} e6 {[%emt 0:00:20]} 3. Nc3 {[%emt 0:00:00]} d5 {[%emt 0:00:44]} 4. cxd5 {[%emt 0:00:11]} exd5 {[%emt 0:00:08]} 5. Bg5 {[%emt 0:00:05]} Be7 {[%emt 0:02:55]} 6. e3 {[%emt 0:00:20]} c6 {[%emt 0:00:47]} 7. Bd3 {[%emt 0:00:22]} Nbd7 {[%emt 0:00:53]} 8. Nge2 {[%emt 0:00:36]} Nh5 {[%emt 0:02:50]} 9. Bxe7 {[%emt 0:00:11]} Qxe7 {[%emt 0:00:05]} 10. g4 {[%emt 0:04:23]} Nhf6 {[%emt 0:00:07]} 11. Ng3 {[%emt 0:00:23]} g6 {[%emt 0:11:55]} 12. Qe2 {[%emt 0:16:04]} Nb6 {[%emt 0:03:56]} 13. g5 {[%emt 0:00:53]} Ng8 {[%emt 0:02:17]} 14. h4 {[%emt 0:00:18]} Be6 {[%emt 0:03:06]} 15. f4 {[%emt 0:26:24]} Qd7 {[%emt 0:02:22]} 16. h5 {[%emt 0:06:26]} Ne7 {[%emt 0:02:31]} 17. hxg6 {[%emt 0:09:52]} fxg6 {[%emt 0:00:09]} 18. Rh4 {[%emt 0:00:24]} O-O-O {[%emt 0:01:17]} 19. O-O-O {[%emt 0:00:27]} Nf5 {[%emt 0:03:50]} 20. Nxf5 {[%emt 0:01:15]} Bxf5 {[%emt 0:00:11]} 21. Bxf5 {[%emt 0:10:43]} Qxf5 {[%emt 0:00:08]} 22. b3 {[%emt 0:00:45]} Rde8 {[%emt 0:13:17]} 23. Rdh1 {[%emt 0:05:22]} Re7 {[%emt 0:00:21]} 24. Nd1 {[%emt 0:11:55]} Nd7 {[%emt 0:04:49]} 25. Qc2 {[%emt 0:01:52]} Qe6 {[%emt 0:08:47]} 26. Rh6 {[%emt 0:01:12]} Nf8 {[%emt 0:05:50]} 27. R1h3 {[%emt 0:00:24]} Rg8 {[%emt 0:03:46]} 28. Nf2 {[%emt 0:01:26]} Rgg7 {[%emt 0:00:48]} 29. Nd3 {[%emt 0:00:59]} Nd7 {[%emt 0:00:47]} 30. Qh2 {[%emt 0:00:49]} Qe4 {[%emt 0:12:36]} 31. Kd2 {[%emt 0:00:18]} b6 {[%emt 0:00:27]} 32. Qh1 {[%emt 0:00:44]} Qxh1 {[%emt 0:02:17]} 33. Rxh1 {[%emt 0:00:03]} Kb7 {[%emt 0:00:29]} 34. b4 {[%emt 0:00:20]} Nf8 {[%emt 0:03:55]} 35. a4 {[%emt 0:00:56]} Rc7 {[%emt 0:00:22]} 36. Ne5 {[%emt 0:00:42]} c5 {[%emt 0:00:38]} 37. bxc5 {[%emt 0:00:37]} bxc5 {[%emt 0:00:07]} 38. Rb1+ {[%emt 0:00:05]} Kc8 {[%emt 0:00:36]} 39. Rb5 {[%emt 0:00:20]} cxd4 {[%emt 0:03:50]} 40. exd4 {[%emt 0:00:05]} Ne6 {[%emt 0:00:24]} 41. f5 {[%emt 0:30:24]} Nxg5 {[%emt 0:00:57]} 42. fxg6 {[%emt 0:00:03]} Ne4+ {[%emt 0:10:52]} 43. Ke3 {[%emt 0:00:05]} Nf6 {[%emt 0:07:37]} 44. gxh7 {[%emt 0:01:20]} Nxh7 {[%emt 0:00:07]} 45. Rxd5 {[%emt 0:00:30]} Rg8 {[%emt 0:07:21]} 46. Rc6 {[%emt 0:00:54]} Rgg7 {[%emt 0:00:27]} 47. Rcd6 {[%emt 0:00:39]} Rg8 {[%emt 0:00:39]} 48. Rc6 {[%emt 0:00:29]} Rgg7 {[%emt 0:01:21]} 49. Rcd6 {[%emt 0:00:05]} Rg8 {[%emt 0:00:29]} 50. a5 {[%emt 0:00:16]} Re8 {[%emt 0:00:54]} 51. Kd3 {[%emt 0:00:39]} Nf8 {[%emt 0:01:18]} 52. a6 {[%emt 0:00:28]} Ne6 {[%emt 0:00:24]} 53. Ke4 {[%emt 0:01:02]} Rc1 {[%emt 0:01:52]} 54. Ke3 {[%emt 0:01:02]} Nc7 {[%emt 0:01:12]} 55. Ra5 {[%emt 0:00:26]} Re6 {[%emt 0:02:49]} 56. Rxe6 {[%emt 0:00:29]} Nxe6 {[%emt 0:00:06]} 57. Nd3 {[%emt 0:00:23]} Rh1 {[%emt 0:00:56]} 58. d5 {[%emt 0:00:45]} Nc7 {[%emt 0:01:42]} 59. d6 {[%emt 0:00:42]} Ne6 {[%emt 0:00:30]} 60. Ne5 {[%emt 0:00:23]} Rd1 {[%emt 0:00:43]} 61. d7+ {[%emt 0:00:18]} Kc7 {[%emt 0:00:08]} 62. Rb5 {[%emt 0:00:24]} Nd8 {[%emt 0:01:25]} 63. Ke4 {[%emt 0:00:41]} Ra1 {[%emt 0:00:56]} 64. Rc5+ {[%emt 0:00:17]} Kd6 {[%emt 0:00:16]} 65. Rc8 {[%emt 0:00:28]} Ke7 {[%emt 0:00:33]} 66. Kd5 {[%emt 0:00:53]} Rxa6 {[%emt 0:00:24]} 67. Rxd8 {[%emt 0:00:41]} Kxd8 {[%emt 0:00:16]} 68. Nc6+ {[%emt 0:00:06]} Rxc6 {[%emt 0:00:53]} 69. Kxc6 {[%emt 0:00:05]} a5 {[%emt 0:00:08]} 70. Kb5 {[%emt 0:00:05]} 1/2-1/2

[Event "DEN-ch KK 2020"]
[Site "Svendborg"]
[Date "2020.10.13"]
[Round "2.6"]
[White "Georgescu, Lena"]
[Black "Kistrup, Nicolai"]
[Result "1-0"]
[WhiteElo "2276"]
[BlackElo "2128"]
[Annotator "ChessBase"]
[PlyCount "47"]
[EventDate "2020.10.09"]
[EventType "tourn"]
[EventCountry "DEN"]
[SourceTitle "playchess.com"]
[Source "ChessBase"]
[SourceQuality "1"]
[TimeControl "40/5400+30:1800+30"]

1. e4 {[%emt 0:00:00]} c5 {[%emt 0:00:00]} 2. Nf3 {[%emt 0:00:00]} e6 {[%emt 0:00:00]} 3. d4 {[%emt 0:00:00]} cxd4 {[%emt 0:00:00]} 4. Nxd4 {[%emt 0:00:00]} Nc6 {[%emt 0:00:10]} 5. Nc3 {[%emt 0:00:00]} Qc7 {[%emt 0:00:17]} 6. Be3 {[%emt 0:00:00]} a6 {[%emt 0:00:15]} 7. a3 {[%emt 0:00:02]} Be7 {[%emt 0:00:39]} 8. Qf3 {[%emt 0:00:16]} Nf6 {[%emt 0:15:25]} 9. O-O-O {[%emt 0:05:35]} O-O {[%emt 0:23:28]} 10. g4 {[%emt 0:21:23]} d6 {[%emt 0:35:40]} 11. g5 {[%emt 0:02:55]} Nd7 {[%emt 0:01:47]} 12. Qg3 {[%emt 0:02:52]} b5 {[%emt 0:09:50]} 13. h4 {[%emt 0:04:23]} Bb7 {[%emt 0:02:54]} 14. g6 {[%emt 0:01:47]} hxg6 {[%emt 0:04:18]} 15. h5 {[%emt 0:00:31]} gxh5 {[%emt 0:01:10]} 16. Rxh5 {[%emt 0:02:19]} Bf6 17. Bc4 Nxd4 {[%emt 0:02:00]} 18. Rdh1 {[%emt 0:38:20]} g6 {[%emt 0:00:23]} 19. Qh3 {[%emt 0:01:01]} Bh4 {[%emt 0:00:41]} 20. Rh8+ {[%emt 0:03:45]} Kg7 21. Rh7+ {[%emt 0:00:51]} Kg8 {[%emt 0:00:58]} 22. Qxh4 {[%emt 0:00:27]} Nf5 {[%emt 0:00:33]} 23. exf5 {[%emt 0:02:13]} Bxh1 {[%emt 0:00:29]} 24. Qh6 {[%emt 0:00:20]} 1-0